| 000 | 00626nam a22002177a 4500 | ||
|---|---|---|---|
| 005 | 20240913125950.0 | ||
| 008 | 240913b ||||| |||| 00| 0 eng d | ||
| 020 | _a9789386830005 | ||
| 040 | _cAL | ||
| 041 | _aEnglish | ||
| 082 |
_223 _a657.46 _bMEHG |
||
| 100 |
_aH C Mehrotra and others _9179113 |
||
| 245 | _aGoods and Services Tax : GST | ||
| 260 |
_aAgra _bSahitya Bhawan Publications _c2024 |
||
| 300 |
_a301 p. _bPB _c24x17 cm. |
||
| 365 |
_a3671 _b₹138.00 _c₹ _d₹275.00 _e20% _f06-09-2024 |
||
| 650 |
_aGST _9179106 |
||
| 700 |
_aMEHROTRA (H C) _9179107 |
||
| 700 |
_aAGARWAL (V P) _9179108 |
||
| 942 |
_2ddc _cBK |
||
| 999 |
_c231806 _d231806 |
||